| 000 | 00726nam a22001457a 4500 | ||
|---|---|---|---|
| 999 |
_c533187 _d533187 |
||
| 008 | 260428b ||||| |||| 00| 0 eng d | ||
| 100 |
_a Nasrin, Sulthana _960304 |
||
| 245 | _aThe everyday of print in post-Independence INDIA | ||
| 260 | _aEconomic & Political Weekly | ||
| 300 | _a61(12), Mar 21, 2026: p.29-31 | ||
| 520 | _aEveryday Reading: Middlebrow Magazines and Book Publishing in Post-Independence India by Aakriti Mandhwani, Amherst and Boston: University of Massachusetts Press, 2024; pp 296, ₹2,950 (paperback).-Reproduced https://www.epw.in/journal/2026/12/book-reviews/everyday-print-post-independence-india.html | ||
| 773 | _aEconomic & Political Weekly | ||
| 906 | _aBOOK REVIEW | ||
| 942 | _cAR | ||